| 000 | 00638nam a2200205 4500 | ||
|---|---|---|---|
| 001 | 107908 | ||
| 003 | ES-MaACL | ||
| 005 | 20230906184524.0 | ||
| 007 | t| | ||
| 008 | 061121s1912 fr r ||||1| fre d | ||
| 100 | 1 |
_aMolinié, Marcel. _982007 |
|
| 245 | 1 | 0 |
_aIndustries des métaux précieux _b: l'argent et les métaux de la mine de platine / _cpar M. Molinié et H. Dietz. |
| 260 |
_aParis : _bO. Doin et Fils, _c1912. |
||
| 300 |
_a399 p. ; _c18 cm. |
||
| 490 | 1 | _aEncyclopédie scientifique | |
| 700 | 1 |
_aDietz, H. _944631 |
|
| 830 | 0 |
_aEncyclopédie scientifique _9180883 |
|
| 852 |
_aES-MaACL _jD-4461 |
||
| 999 |
_c107908 _d107908 |
||